Study on rice grain drying methods and their effects on grain quality. ការសិក្សាពិវិធីហាលសំងួតគ្រាប់ស្រូវ និងឥទ្ធិពលរបស់​វាទៅលើគុណភាពគ្រាប់ (Record no. 4205)

000 -LEADER
fixed length control field 00662nam a22001577a 4500
003 - CONTROL NUMBER IDENTIFIER
control field OSt
005 - DATE AND TIME OF LATEST TRANSACTION
control field 20151208100928.0
008 - FIXED-LENGTH DATA ELEMENTS--GENERAL INFORMATION
fixed length control field 151208b xxu||||| |||| 00| 0 eng d
040 ## - CATALOGING SOURCE
Transcribing agency RUA
082 ## - DEWEY DECIMAL CLASSIFICATION NUMBER
Classification number ATM REN 2000 B191 Or.1
100 ## - MAIN ENTRY--PERSONAL NAME
9 (RLIN) 4512
Personal name REN NET; រ៉េន​ណែត.
245 ## - TITLE STATEMENT
Title Study on rice grain drying methods and their effects on grain quality. ការសិក្សាពិវិធីហាលសំងួតគ្រាប់ស្រូវ និងឥទ្ធិពលរបស់​វាទៅលើគុណភាពគ្រាប់
260 ## - PUBLICATION, DISTRIBUTION, ETC. (IMPRINT)
Place of publication, distribution, etc. Phnom Penh
Name of publisher, distributor, etc. RUA
Date of publication, distribution, etc. 2000
300 ## - PHYSICAL DESCRIPTION
Extent iv; 75p.
Other physical details ill.
Dimensions 29cm.
942 ## - ADDED ENTRY ELEMENTS (KOHA)
Source of classification or shelving scheme
Koha item type ATM
Holdings
Price effective from Date last seen Permanent Location Not for loan Date acquired Source of classification or shelving scheme Koha item type Lost status Withdrawn status Total Renewals Date last checked out Total Checkouts Shelving location Damaged status Barcode Current Location Full call number
2015-12-082018-11-13Library Block B 2015-12-08 ATM   2018-11-131B191 RUA009611Library Block BATM REN 2000 B191 Or.1
2015-12-082017-01-31Library Block B 2015-12-08 ATM   2016-12-095B191 RUA017903Library Block BATM REN 2000 B191 Or.2
2015-12-082017-08-04Library Block B 2015-12-08 ATM   2017-02-032B191 RUA017759Library Block BATM REN 2000 B191 Or.3
2015-12-082020-01-14Library Block B 2015-12-08 ATM  32019-12-257B191 RUA017615Library Block BATM REN 2000 B191 Or.4
2015-12-082019-01-02Library Block B 2015-12-08 ATM  32018-11-022B191 RUA009323Library Block BATM REN 2000 B191 Or.5
មជ្ឈមណ្ឌលឯការនៃសាកលវិទ្យាល័យភូមិន្ទកសិកម្មចំការដូង

Powered by Koha